Premier League Champions - Sudden Death - Statistics

General Stats
  • This quiz has been taken 181 times
  • The average score is 5 of 7
Answers on the Grid
Answers color-coded by a green-red scale on the quiz's grid according to % correct below.
Arsenal
Aston Villa
Blackburn Rovers
Bournemouth
Brentford
Brighton
Burnley
Chelsea
Crystal Palace
Derby County
Everton
Fulham
Ipswich Town
Leeds United
Leicester City
Liverpool
Manchester City
Manchester United
Newcastle United
Nottingham Forest
Preston North End
Sheffield United
Sheffield Wednesday
Southampton
Stoke City
Sunderland
Tottenham Hotspur
West Bromwich Albion
West Ham
Wolverhampton Wanderers
 
Answer Stats
Answer % Correct
Arsenal
93%
Chelsea
79%
Liverpool
79%
Manchester City
77%
Leicester City
74%
Manchester United
72%
Blackburn Rovers
67%
No matching quizzes found
Score Distribution
Percent of People with Each Score
Percentile by Number Answered
Your Score History
You have not taken this quiz